000 00254nam a22001217a 4500
008 170801b xxu||||| |||| 00| 0 eng d
041 _aeng
080 _a004
100 _a32
101 _aSHK
245 _aABC FLOWCHARTER
_cSCHMIDT,J
942 _2udc
_cBK
999 _c22459
_d22459